000 00329 a2200133 4500
005 20250621073806.0
020 _a85264-095-1
082 _aLM 621.3 MET
100 _aMETCALFE, T. J.
245 _aWeighing Machines, Volume 1
260 _aLondon,
_bGriffin,
_c1969.
300 _axvi,193p.: ill.;
_bIndex,
_c24cm.
942 _2ddc
_cBKS
999 _c2164
_d2164